| 000 | 01029nam a22002417a 4500 | ||
|---|---|---|---|
| 999 |
_c3954 _d3954 |
||
| 003 | AR-CdUCM | ||
| 008 | 190307b ||||| |||| 00| 0 spa d | ||
| 020 | _a9972-47-040-7 | ||
| 040 |
_aMUNICIPALIDAD PROVINCIAL DEL CUSCO _cBIBLIOTECA MUNICIPAL DEL CUSCO |
||
| 082 |
_a303.482 / _bR79 |
||
| 110 |
_aAsociación española UNIFEM _912647 |
||
| 245 | _aRol de la mujer en la innovación tecnológica / | ||
| 260 |
_aLima: _bGráfica educativa, _c1999. |
||
| 300 |
_a86 paginas ; _c23 cm. |
||
| 440 |
_aLibro de consulta sobre tecnologías aplicadas al ciclo alimentario _912648 |
||
| 505 | _aContenido : Industria de aceites y grasas -- Semillas oleaginosas -- estudios de casos -- Procesamiento de alimentos ... | ||
| 650 |
_aEstudios sobre el rol de la mujer en el Peru _912649 |
||
| 650 |
_aInnovación tecnológica realizados por las mujeres _912650 |
||
| 650 |
_ainnovación tecnológica en el Perú _912651 |
||
| 710 |
_aAgencia para la cooperación internacional (AECI) _912652 |
||
| 942 |
_2ddc _cLIBROS |
||
| 945 | _arah | ||